000 00517nam a22001697a 4500
003 SGT
020 _a9788173196294
082 _a515.9,PON
100 _aPONNUSAMY S
245 _aFOUNDATIONS OF COMPLEX ANALYSIS
250 _a2ND
260 _aNEW DELHI
_bNAROSA
_c2015
300 _a508
650 _aFUNCTIONS OF COMPLEX VARIABLES
653 _aCOMPLEX NUMBER, FUNCTIONS,LIMIT AND CONTINUITY, ANALYTIC FUNCTIONS AND POWER SERIES, COMPLEX INTEGRATION, CALCULUS OF RESIDUES, MAPPING THEOREMS
942 _2ddc
_cFPS
999 _c9485
_d9485